rasy psów - Statystyki

Ogólne statystyki
  • Ten quiz został rozwiązany 314 razy
  • Średni wynik to 5 z 15
Statystyki odpowiedzi
Hint Odpowiedź % Poprawnych
duzy (policyjny) owczarek niemiecki
73%
mały (sałata pe......) pekińczyk
61%
mały (królewski) corgi
53%
duzy(wilk) wilczak
51%
duzy (najdroższy pies na świecie, moze kosztowac nawet 2mln dolarów!) Mastif Tybetański
49%
mały (miasto) york
45%
średni (bardzo mądry) border collie
41%
duzy (najwieksza rasa wsrod ras z japoni) akita inu
40%
duzy (narodowa rasa szwajcari bernardyn
33%
mały (pies robi hau hau) chow chow
28%
mały (m) mops
19%
duzy (nowa funladnia lablador
16%
mały (Nie podlega próbom pracy) maltańczyk
14%
mały (m) pudel miniaturowy
12%
duzy (jest o tym film ) shiba inu
10%
Nie znaleziono quizów pasujących do podanych kryteriów
Rozkład punktacji
Procent ludzi z każdym wynikiem
Percentyl według liczby udzielonych odpowiedzi
Twoja historia wyników
Nie rozwiązałeś tego quizu